Statystyki dla Quiz o krajach (i nie tylko)

Kliknij tutaj aby rozwiązać quiz!

Ogólne statystyki

  • Ten quiz został rozwiązany 29 razy
  • Średni wynik to 8 z 15

Statystyki odpowiedzi

PodpowiedźOdpowiedź% Poprawnych
Największy kraj świataRosja
96%
Najmniejszy kraj świataWatykan
96%
Duży kraj Ameryki Południowej przez który przechodzi równikBrazylia
80%
Drugi sąsiad Polski od ZachoduCzechy
72%
Ten kraj miał kiedyś białą flagęFrancja
68%
Kraj z którego pochodzi Elon MuskRepublika Południowej Afryki
68%
Sąsiad Rosji najbardziej wysunięty na północFinlandia
64%
Kraj na północy gdzie wybucha dużo wulkanówIslandia
64%
W tym kraju Europy zarabia się najmniejMołdawia
56%
Wyspy należące do DaniiWyspy Owcze
44%
Kraj Europy z najmniejszą ilością Street ViewBiałoruś
40%
Kraj w którym możesz szybko popłynąć przez granicę dwóch kontynentówTurcja
36%
Znajduje się tu park rozrywki "Tivoli"Dania
24%
Kraj znajdujący się najbardziej na południu toAntarktyda
8%
Przez tą wyspę Dania graniczy z KanadąHans Island
0%

Rozkład punktacji

Percentyl według liczby udzielonych odpowiedzi

Procent ludzi z każdym wynikiem

Twoja historia wyników

Nie rozwiązałeś tego quizu